000 01482nam a2200397 c 4500
001 21821
003 ES-MaCES
005 20150925133419.0
008 090202s2008 sp d t o000 | spa d
017 _aMU 1977-2008
_bDL
020 _a9788469153062
035 _aCES20090001102m
040 _aES-MaCES
_bspa
_cES-MaCES
245 0 3 _aLa innovación en el tejido empresarial murciano
_b: determinantes y resultados
_cRamón Sabater Sánchez (director) ; [autores], Daniel Jiménez Jiménez
260 _aMurcia
_bConsejo Económico y Social de la Región de Murcia
_c[2008]
300 _a111 p.
_bgráf. bl. y n.
_c24 cm
490 1 _aColección Estudios
504 _aBibliografía: p. 95-98
541 _cGratuito
650 4 _ainnovación
_928230
650 4 _ainvestigación y desarrollo
_928273
650 4 _acambio tecnológico
_928236
650 4 _apolítica científica
_928832
650 4 _afomento de las inversiones
_928144
650 4 _adistribución del gasto
_930938
650 4 _aMurcia (Comunidad Autónoma)
_930881
653 1 0 _aEmpresa
650 4 _928178
_aempresa
700 1 _aJiménez Jiménez, Daniel
_915441
700 1 _aSabater Sánchez, Ramón
_edir.
_922952
710 1 _aConsejo Económico y Social de la Región de Murcia
_eed.
_92442
830 0 _aColección Estudios (Consejo Económico y Social de la Región de Murcia
_932675
902 _aLIB Libro
942 _2CES
_cBK
_h0.0.
999 _c21821
_d21821